|
|
|
|
| LEADER |
00000nam a2200000 a 4500 |
| 001 |
vtls010587385 |
| 003 |
SK-MaSNL |
| 005 |
20260301133723.0 |
| 008 |
240315s2013 xo oda f n 000 0 slo |
| 015 |
|
|
|a SNBA2014/04
|
| 020 |
|
|
|a 9788089417520
|q (brož.)
|
| 035 |
|
|
|a urn:nbn:sk:snk-am00a250
|
| 035 |
|
|
|a urn:nbn:sk:snk-am3hdpp
|
| 035 |
|
|
|a 6348CD53-8C84-47C3-BCA6-BD7D2C54322D
|
| 040 |
|
|
|a SNK
|b slo
|c SNK
|e AACR2
|
| 041 |
0 |
|
|a slo
|
| 044 |
|
|
|a xo
|c SK
|
| 072 |
|
7 |
|a 633
|x Rastlinná výroba
|2 konspekt
|
| 072 |
|
7 |
|a 574
|x Všeobecná ekológia
|2 konspekt
|
| 080 |
|
|
|a 633.2
|2 2001
|
| 080 |
|
|
|a 551.583
|2 2001
|
| 080 |
|
|
|a 574.4(254)
|2 2001
|
| 080 |
|
|
|a 574
|2 2001
|
| 080 |
|
|
|a 502.131.1
|2 2001
|
| 080 |
|
|
|a (072)
|2 2001
|
| 100 |
1 |
|
|a Vargová, Vladimíra
|4 aut
|9 100537
|
| 245 |
1 |
0 |
|a Obhospodarovanie trvalých trávnych porastov eliminujúce klimatickú zmenu a zabezpečujúce udržateľnosť porastov
|b metodická príručka
|c Vladimíra Vargová, Zuzana Kováčiková, Milan Michalec
|
| 250 |
|
|
|a 1. vyd.
|
| 260 |
|
|
|a Banská Bystrica
|b Výskumný ústav trávnych porastov a horského poľnohospodárstva
|a Piešťany
|b Centrum výskumu rastlinnej výroby
|c 2013
|
| 300 |
|
|
|a 40 s.
|b fareb. fotogr., grafy, tab.
|c 21 cm
|
| 366 |
|
|
|e 40 výt.
|
| 504 |
|
|
|a Bibliogr.: s. 36-38
|
| 650 |
0 |
7 |
|a trávne porasty
|2 SNKPH
|9 3678
|
| 650 |
0 |
7 |
|a Grasslands
|2 SNKPHeng
|9 313547
|
| 650 |
0 |
7 |
|a klimatické zmeny
|2 SNKPH
|9 3351
|
| 650 |
0 |
7 |
|a lúčne ekosystémy
|2 SNKPH
|9 3684
|
| 650 |
0 |
7 |
|a udržateľný rozvoj
|2 SNKPH
|9 236336
|
| 650 |
0 |
7 |
|a Climate changes
|2 SNKPHeng
|9 316554
|
| 650 |
0 |
7 |
|a Grassland ecosystems
|2 SNKPHeng
|9 340510
|
| 650 |
0 |
7 |
|a ekológia
|2 SNKPH
|9 785
|
| 650 |
0 |
7 |
|a Ecology
|2 SNKPHeng
|9 265189
|
| 650 |
0 |
7 |
|a Sustainable development
|2 SNKPHeng
|9 265066
|
| 655 |
|
7 |
|a metodické príručky
|2 SNKPH
|9 70250
|
| 655 |
|
7 |
|a Methodological manuals
|2 SNKPHeng
|9 270866
|
| 700 |
1 |
|
|a Kováčiková, Zuzana
|c (Ing., PhD.)
|4 aut
|9 185658
|
| 700 |
1 |
|
|a Michalec, Milan
|4 aut
|9 6907
|
| 919 |
|
|
|a 978-80-89417-52-0
|
| 958 |
|
|
|a NB
|
| 999 |
|
|
|c 754539
|d 756469
|
| 952 |
|
|
|a SNK
|b SNK
|y PREZ
|7 0
|p 17A1107724
|o snkSC 158975
|i snk2014/8634
|8 0
|0 0
|1 0
|4 0
|d 2014-04-03
|f 1
|l 0
|r 2025-08-21 00:00:00
|w 2026-02-23
|
| 952 |
|
|
|a SNK
|b SNK
|y VYP
|7 0
|p 17A1107725
|o snkSC 158975 D1
|i snk2014/8635
|8 0
|0 0
|1 0
|4 0
|d 2014-04-03
|l 0
|r 2026-02-23 23:44:57
|w 2026-02-23
|